Регионална библиотека "Любен Каравелов" - Русе

Писма до Ния, която не родих (Запис номер 424880)

MARC детайли
000 -Лидер
Контролно поле с фиксирана дължина nam a22 a 4500
003 - Код на организацията, давaща контролен номер
Контролно поле BLK
005 - Дата и час на последна редакция
Контролно поле 20220509105801.0
008 - Елементи от данни с фиксирана дължина
fixed length control field 181212b bu |||gr|||| 00| 0 bu d
020 ## - Международен стандартен номер на книга ISBN
Международен стандартен номер на книга ISBN 9786191865994
040 ## - Източник на каталожния запис
Идентификатор на билиотеката - собственик на записа BLK
041 ## - Код за език
Код за езика на текст/звукозапис или на отделно заглавие Български
Код за езика КДБФ Български
080 ## - УДК
Текстов определител УДК Българска литература
УДК код - определител по УДК 821.163.2
УДК определител -3
УДК - код + определител 821.163.2-3
100 ## - Редна дума - Автор
R(LIN) 347904
Автор Йорданова, Димана Димова
Авторска отговорност първи автор
139 ## - Редно поле
Редна дума Йорданова, Димана Димова
Авторски знак Иорд - И 83
245 ## - Сведения за заглавието
Заглавие Писма до Ния, която не родих
Подзаглавни данни Проза
Редно поле (дума) Димана Йорданова
257 ## - Страна на издаване
Страна на създаване/издаване България
260 ## - Област на издателските данни
9 (RLIN) 209682
Място на издаване, разпространение и проч. Пловдив
Име на издателя, разпространителя и проч. Жанет 45
Година на издаване 2020
300 ## - Физическа характеристика
Страници 99 с.
Размери/Мащаб 20 см
380 ## - Жанр
Жанр Худож. лит.
852 ## - Местоположение
Форматна сигнатура Цб 308123
999 ## - СИСТЕМНИ КОНТРОЛНИ НОМЕРА
Koha biblionumber 424880
Koha biblioitemnumber 424880
942 ## - АРТИКУЛИ
Вид на библиотечния материал Книги
Скрит в OPAC Не
Периодичен библиозапис Да
Koha issues (borrowed), all copies 3
944 ## - СЪЗДАВАНЕ И РЕДАКЦИЯ на ЗАПИСА
Създаване/Редакция Създаване
Дата на регистрацията/редакция 2021-07-22
Служител, извършил регистрацията/редакцията НР
999 ## - СИСТЕМНИ КОНТРОЛНИ НОМЕРА
Koha biblioitemnumber 424880
Наличности
Код за отписване Код за изгубен артикул Източник на класификационната схема Код за повреда Коз за рестрикции Код за отдаване Артикулен № Име на библиотеката - собственик Име на библиотеката, в която се намира в момента Статус (Текущо местоположение) Дата на вписване в системата Местоположение - отдел Цена в лева Систематично азбучна сигнатура Баркод Цена в евро Служебен тип на артикула
  Не е изгубен Universal Decimal Classification Не е повреден само за читалня ползва се в читалня 844348 Регионална библиотека "Любен Каравелов" Русе Регионална библиотека "Любен Каравелов" Русе Хранилище 2021-07-23 Хранилище 13.90 Цб 308123 120000857923 7.11 Книги
  Не е изгубен Universal Decimal Classification Не е повреден без рестрикции заемане за дома 878786 Регионална библиотека "Любен Каравелов" Русе Регионална библиотека "Любен Каравелов" Русе Заемна - подръчен фонд 2022-03-25 Заемна - подръчен фонд 10.43 821.163.2-3/И 83 Д 120000870282 5.33 Книги
Vip Innovations Ltd, Rousse, Bulgaria 2025